Postavenie malých a stredných podnikov vo vybraných krajinách EÚ diplomová práca

Enregistré dans:
Détails bibliographiques
Auteur principal: Ostrovský, Ján
Collectivité auteur: Národohospodárska fakulta EU. Katedra hospodárskej politiky
Autres auteurs: Fifeková, Elena
Format: Livre
Langue:slovaque
Publié: Bratislava 2013
Tags: Ajouter un tag
Pas de tags, Soyez le premier à ajouter un tag!

MARC

LEADER 00000nbm a2200000 4500
001 0170495
005 20161109102349.7
041 0 |a slo 
044 |a SK 
245 1 0 |a Postavenie malých a stredných podnikov vo vybraných krajinách EÚ  |b diplomová práca  |c Ján Ostrovský ; školiteľ: Elena Fifeková 
264 1 |a Bratislava  |c 2013 
300 |a 63 s. 
100 1 |a Ostrovský, Ján 
700 1 |a Fifeková, Elena 
710 2 |a Národohospodárska fakulta EU. Katedra hospodárskej politiky